| 000 | 00372nam a22001097a 4500 | ||
|---|---|---|---|
| 008 | 150820b xxu||||| |||| 00| 0 eng d | ||
| 082 | _a302 SAR | ||
| 100 | _aSARGENT S STANSFELD | ||
| 245 |
_aSOCIAL PSYCHOLOGY _bAN INTRODUCTION TO THE STUDY OF HUMAN RELATIONS _cS. STANSFELD SARGENT, ROBERT C. WILLIAMSON |
||
| 250 | _a2nd ED | ||
| 260 |
_aNEW YORK _bTHE RONALD PRESS COMPANY _c1958 |
||
| 999 |
_c303 _d303 |
||